| 000 | 00956cam a2200313 i 4500 | ||
|---|---|---|---|
| 001 | 200449322 | ||
| 003 | TR-AnTOB | ||
| 005 | 20240719112625.0 | ||
| 007 | ta | ||
| 008 | 000127s1962 tu 000 0 tur d | ||
| 035 | _a(TR-AnTOB)200449322 | ||
| 040 |
_aTR-AnTOB _beng _erda _cTR-AnTOB |
||
| 041 | 0 | _atur | |
| 050 | 4 |
_aTP155 _b.K56 1962 |
|
| 090 |
_aTP155 _b.K56 1962 |
||
| 245 | 0 | 0 | _aKimya mühendisliği hizmetlerine ait asgari ücret tarifesi. |
| 264 | 1 |
_aAnkara : _bOda Yayınları, _c1962. |
|
| 300 |
_a81 pages ; _c24 cm |
||
| 336 |
_atext _btxt _2rdacontent |
||
| 337 |
_aunmediated _bn _2rdamedia |
||
| 338 |
_avolume _bnc _2rdacarrier |
||
| 490 | 0 |
_aOda Yayınları ; _vno. 2 |
|
| 650 | 7 |
_aKimya mühendisliği _zTürkiye _2etuturkob _911984 |
|
| 650 | 7 |
_aAsgari ücret _zTürkiye _2etuturkob _932809 |
|
| 710 | 2 |
_aKimya Mühendisleri Odası (Turkey) _9132261 |
|
| 942 |
_2lcc _cBK |
||
| 999 |
_c200449322 _d67534 |
||